[Event "Olympiad Women-44"]
[Site "Chennai"]
[Date "2022.08.08"]
[Round "10.3"]
[White "Abdulzahra, Sali Abbas"]
[Black "Razafindratina, Mariam Clarisse"]
[Result "1-0"]
[WhiteElo "1864"]
[BlackElo "1318"]
[PlyCount "71"]
[EventDate "2022.07.29"]
[EventType "team-swiss"]
[EventRounds "11"]
[EventCountry "IND"]
[SourceTitle "CBM 210"]
[Source "ChessBase"]
[SourceDate "2022.10.31"]
[SourceVersion "1"]
[SourceVersionDate "2022.10.31"]
[SourceQuality "1"]
[WhiteTeam "Iraq (W)"]
[BlackTeam "Madagascar (W)"]
[WhiteTeamCountry "IRQ"]
[BlackTeamCountry "MAD"]

1. e4 e5 2. Bc4 Nf6 3. d3 h6 4. Nf3 Bc5 5. 0-0 d6 6. h3 0-0 7. c3 a6 8. d4 d5 9. exd5 exd4 10. cxd4 Ba7 11. Nc3 b5 12. Bb3 Bb7 13. Bf4 Bxd5 14. Nxd5 Nxd5 15. Be3 c6 16. Rc1 Qd6 17. Ne5 f6 18. Ng6 Rd8 19. Qf3 a5 20. a3 a4 21. Ba2 Bb6 22. Bf4 Qd7 23. Rfd1 Na6 24. Rxc6 Bc7 25. Qxd5+ Qxd5 26. Bxd5+ Rxd5 27. Ne7+ Kh7 28. Nxd5 Bxf4 29. Nxf4 Ra7 30. d5 Nb8 31. Rb6 Nd7 32. Rxb5 Ne5 33. d6 g5 34. Ne6 Nd7 35. Rc1 Kg6 36. Rc7 1-0

[Event "Olympiad Women-44"]
[Site "Chennai"]
[Date "2022.08.02"]
[Round "5.2"]
[White "Berezovska, Svetlana"]
[Black "Razafindratina, Mariam Clarisse"]
[Result "1-0"]
[WhiteElo "1781"]
[BlackElo "1318"]
[PlyCount "85"]
[EventDate "2022.07.29"]
[EventType "team-swiss"]
[EventRounds "11"]
[EventCountry "IND"]
[SourceTitle "CBM 210"]
[Source "ChessBase"]
[SourceDate "2022.10.31"]
[SourceVersion "1"]
[SourceVersionDate "2022.10.31"]
[SourceQuality "1"]
[WhiteTeam "Monaco (W)"]
[BlackTeam "Madagascar (W)"]
[WhiteTeamCountry "MNC"]
[BlackTeamCountry "MAD"]

1. e4 e5 2. Nf3 Nf6 3. Nxe5 Nxe4 4. c4 Bc5 5. d4 d6 6. Nf3 Bb4+ 7. Bd2 Bxd2+ 8. Nbxd2 Nf6 9. Bd3 0-0 10. 0-0 Bg4 11. h3 Bh5 12. Qb3 b6 13. Rfe1 Nbd7 14. Re3 Bg6 15. Rae1 Nh5 16. Bxg6 hxg6 17. d5 Nc5 18. Qc2 Qf6 19. b4 Na6 20. a3 Nb8 21. Ne4 Qf4 22. g3 Qh6 23. Neg5 Nf6 24. h4 Nbd7 25. Re7 Qh5 26. Qa4 Qg4 27. Qc6 Rac8 28. Kg2 a6 29. Nh2 Qf5 30. Qa4 Nb8 31. R1e3 c6 32. Qd1 cxd5 33. Rf3 Qe5 34. Rxe5 dxe5 35. cxd5 e4 36. Re3 Rfe8 37. Ng4 Rcd8 38. Nxf6+ gxf6 39. Nxe4 Kg7 40. Qd4 Nd7 41. Rf3 b5 42. Nxf6 Nxf6 43. Qxf6+ 1-0

[Event "MAD olympic qual (Women)"]
[Site "Antananarivo"]
[Date "2022.05.21"]
[Round "3"]
[White "Rakotoniaina, Tiana Johanna"]
[Black "Razafindratina, Mariam Clarisse"]
[Result "1-0"]
[WhiteElo "1509"]
[BlackElo "1408"]
[PlyCount "103"]
[EventDate "2022.05.21"]
[EventType "tourn"]
[EventRounds "6"]
[EventCountry "MAD"]
[SourceTitle "EXT 2023"]
[Source "ChessBase"]
[SourceDate "2022.10.05"]
[SourceVersion "1"]
[SourceVersionDate "2022.10.05"]
[SourceQuality "1"]

1. e4 d5 2. exd5 Qxd5 3. Nc3 Qd8 4. d4 e6 5. Nf3 Bb4 6. Bc4 Ne7 7. 0-0 0-0 8. Bf4 Bxc3 9. bxc3 h6 10. Qd3 Nd7 11. Bb3 c6 12. c4 Nb6 13. Rad1 a5 14. c3 Ng6 15. Bc2 f5 16. Be5 Nd7 17. Qe2 b6 18. d5 cxd5 19. cxd5 exd5 20. Bd6 Re8 21. Qd3 Nf6 22. Ba3 Qd7 23. Bb3 Bb7 24. Nd4 Ne7 25. Bxe7 Rxe7 26. Nxf5 Ree8 27. Qf3 Qc7 28. Nxh6+ gxh6 29. Qxf6 Qg7 30. Qxb6 Kh8 31. Bxd5 Bxd5 32. Rxd5 Rg8 33. Qd4 Qxd4 34. cxd4 Rg6 35. g3 Kg7 36. Re1 Ra7 37. f4 a4 38. a3 Rf6 39. Kf2 Kg6 40. Kf3 h5 41. h3 Raa6 42. Rde5 Rad6 43. d5 Ra6 44. g4 hxg4+ 45. hxg4 Rab6 46. R1e3 Rbd6 47. g5 Rf8 48. Kg4 Rfd8 49. f5+ Kg7 50. f6+ Kg6 51. Re7 R8d7 52. R3e6 1-0